00361nam a2200145Ia 4500003000400000008004100004040001600045082001300061100002000074245003100094260004300125300001000168650001500178650002200193GCL140319s9999 xx 000 0 eng d aGCL / cGCL04a860bA P1 aALBERTI, RAFAEL10aPROSAS / cALBERTI, RAFAEL a[S.N] : bA LIANZA EDITORIAL ، c1980 a184 P04aLITERATURE04aFRENCH LITERATURE